Periodic Table Elements - Sudden Death - Statistics

General Stats
  • This quiz has been taken 114 times
    73 since last reset
  • The average score is 8 of 17
Answers on the Grid
Answers color-coded by a green-red scale on the quiz's grid according to % correct below.
Praseodymium
Samarium
Europium
Africanium
Newtonium
Saturnine
Dysprosium
Franklinium
Hafnium
Indanium
Tantalum
Protactinium
Radonium
Planckium
Neptunium
Astatinium
Einsteinium
Mendelevium
Rutherfordium
Seaborgium
Boson
Boranylium
Fermium
Galillium
Darmstadtium
Colombinium
Roentgenium
Moscovium
Benzenium
Oganesson
 
Answer Stats
Answer % Correct
Europium
76%
Neptunium
61%
Praseodymium
54%
Einsteinium
51%
Tantalum
51%
Mendelevium
49%
Moscovium
49%
Dysprosium
46%
Protactinium
46%
Rutherfordium
46%
Samarium
46%
Hafnium
41%
Darmstadtium
39%
Oganesson
39%
Seaborgium
39%
Fermium
32%
Roentgenium
27%
No matching quizzes found
Score Distribution
Percent of People with Each Score
Percentile by Number Answered
Your Score History
You have not taken this quiz since the last reset